1784 1615 1845 1332 1709 1116 1658 1315 1532 1186 1090 1657 1524 1345 1378 1829 1873 1000 1057 1909 1377 1488 1994 1670 1649 1321 1318 1248 1266 1575 1681 1806 1848 1271 1137 1672 1205 1550 1963 1725 1075 1350 1024 1235 1193 1935 1213 1428 1546 1967 1879 1198 1797 1282 1967 1370 1053 1435 1320 1368 1479 1387 1042 1755 1514 1271 1359 1477 1216 1915 1767 1224 1006 1898 1329 1839 1568 1501 1039 1198 1977 1947 1939 1491 1182 1339 1691 1770 1223 1022 1933 1360 1087 1111 1117 1681 1779 1429 1050 BCNSPRNW ULIB Ver.6.0+V

เปลี่ยนเป็นภาษาไทย

Change to English
 แสดงรายละเอียดบรรณานุกรม
  กลับหน้าหลัก

Brief Record : Get Marc (ISO 2709) : E-mail record : QR code < ปิดหน้าต่าง
LEADER : 00000nam 2200000uu 4500
001    13399112968
003     ULIB
008    110920s2554||||th 000 0 tha d
020    9789744968326
060 04 WY105^bน139ก
100 0  นงนุช บุญยัง
245 10 การวางแผนกลยุทธ์ทางการพยาบาล /^cนงนุช บุญยัง
260    สงขลา :^bคณะพยาบาลศาสตร์ มหาวิทยาลัยสงขลานครินทร์,^c2554
300    ก-ฉ, 177 หน้า :^bภาพประกอบ ;^c26 ซม.
650  4 การพยาบาล^xการบริหาร
650  4 การพยาบาล^xการวางแผน
650  4 การวางแผนเชิงกลยุทธ์
710 2  มหาวิทยาลัยสงขลานครินทร์. ^bคณะพยาบาลศาสตร์
945    ^p250^l0^i18579
945    ^p250^l0^i18580
945    ^p250^l0^i19091
995    กัณชพร
999 ^a ใช้งานได้ทุกระบบ
รายการนี้ยังไม่มีแท็ก
คุณยังไม่ได้ล็อกอิน คุณสามารถมีกิจกรรมร่วมกับเว็บไซต์ได้ แต่ต้องล็อกอินก่อน ::
  ล็อกอิน

รายการสื่อสารสนเทศ

ลำดับที่ ประเภท เลขเรียก/บาร์โค้ด สถานที่ สถานะ
1. วิทยาศาสตร์การแพทย์ และสุขภาพ
วิทยาศาสตร์การแพทย์ และสุขภาพ
สถานะ=หนังสือเก่า
WY105 น139ก  
  Barcode: 18579
ห้องสมุดวิทยาเขตนครสวรรค์
►ส่วนจัดเก็บหนังสือเก่า นว.
บนชั้น
  ขอยืม
2. วิทยาศาสตร์การแพทย์ และสุขภาพ
วิทยาศาสตร์การแพทย์ และสุขภาพ
สถานะ=หนังสือเก่า
WY105 น139ก ฉ.2 
  Barcode: 18580
ห้องสมุดวิทยาเขตนครสวรรค์
►ส่วนจัดเก็บหนังสือเก่า นว.
บนชั้น
  ขอยืม
3. วิทยาศาสตร์การแพทย์ และสุขภาพ
วิทยาศาสตร์การแพทย์ และสุขภาพ
สถานะ=หนังสือเก่า
WY105 น139ก ฉ.3 
  Barcode: 19091
ห้องสมุดวิทยาเขตนครสวรรค์
►ส่วนจัดเก็บหนังสือเก่า นว.
บนชั้น
  ขอยืม

รายการใกล้เคียง
    ผู้แต่ง [นงนุช บุญยัง]

    หัวเรื่อง [การวางแผนเชิงกลยุทธ์]

BibComment


ยังไม่เคยถูกคอมเมนท์

คอมเมนท์ทรัพยากรรายการนี้
  คอมเมนท์: การวางแผนกลยุทธ์ท..


 Copyright 2026. Bcnsprnw @Library